Countries With Most Hurricanes - Statistics

General Stats
  • This quiz has been taken 550 times
    534 since last reset
  • The average score is 8 of 11
Answer Stats
Hint Answer % Correct
United States
99%
Mexico
89%
Japan
84%
China
83%
Cuba
79%
Australia
65%
Philippines
65%
Bahamas
64%
Taiwan
55%
Vietnam
55%
Madagascar
22%
No matching quizzes found
Score Distribution
Percent of People with Each Score
Percentile by Number Answered
Your Score History
You have not taken this quiz since the last reset